1490 1011 1880 1432 1058 1576 1168 1425 1039 1681 1884 1324 1953 1584 1448 1878 1360 1040 1702 1567 1211 1275 1857 1225 1294 1883 1520 1173 1673 1250 1857 1058 1015 1457 1572 1477 1165 1163 1452 1918 1294 1924 1006 1286 1855 1801 1664 1929 1960 1397 1408 1314 1626 1596 1866 1823 1313 1975 1844 2000 1798 1410 1660 1141 1724 1149 1412 1706 1941 1115 1815 1968 1685 1448 1203 1228 1248 1462 1977 1527 1141 1833 1140 1592 1839 1889 1645 1781 1799 1860 1676 1002 1726 1833 1066 1403 1036 1762 1773 BCNSPRNW ULIB Ver.6.0+V

เปลี่ยนเป็นภาษาไทย

Change to English
 แสดงรายละเอียดบรรณานุกรม
  กลับหน้าหลัก

Brief Record : Get Marc (ISO 2709) : E-mail record : QR code < ปิดหน้าต่าง
LEADER : 00000nam 2200000uu 4500
001    13399124852
003     ULIB
008    160408s2558||||th 000 0 tha d
020    ^a9786162797002
060 04 ^aWL400^bข979
245 00 ^aไขสันหลังบาดเจ็บ /^bกิ่งแก้ว ปาจรีย์, บรรณาธิการ
250    ^a440 หน้า
260    ^aกรุงเทพฯ : ^bสำนักพิมพ์ศิริราช คณะแพทยศาสตร์ศิริราชพยาบาล มหาวิทยาลัยมหิดล,^c2558
650  4 ^aกระดูกโรค^xโรค^xการรักษา
650  0 ^aกระดูกสันหลัง-ความผิดปกติ
650  0 ^aไขสันหลังบาดเจ็บ
945    ^p370^l0^i23371
945    ^p370^l0^i23372
945    ^p370^l0^i23373
945    ^p370^l0^i23374
945    ^p370^l0^i23375
999    ^aทศพร เกษรทอง
รายการนี้ยังไม่มีแท็ก
คุณยังไม่ได้ล็อกอิน คุณสามารถมีกิจกรรมร่วมกับเว็บไซต์ได้ แต่ต้องล็อกอินก่อน ::
  ล็อกอิน

รายการสื่อสารสนเทศ

ลำดับที่ ประเภท เลขเรียก/บาร์โค้ด สถานที่ สถานะ
1. วิทยาศาสตร์การแพทย์ และสุขภาพ
วิทยาศาสตร์การแพทย์ และสุขภาพ
สถานะ=หนังสือเก่า
WL400 ข979 ฉ.1 
  Barcode: 23371
ห้องสมุดวิทยาเขตนครสวรรค์
►ส่วนจัดเก็บหนังสือเก่า นว.
บนชั้น
  ขอยืม
2. วิทยาศาสตร์การแพทย์ และสุขภาพ
วิทยาศาสตร์การแพทย์ และสุขภาพ
สถานะ=หนังสือเก่า
WL400 ข979 ฉ.2 
  Barcode: 23372
ห้องสมุดวิทยาเขตนครสวรรค์
►ส่วนจัดเก็บหนังสือเก่า นว.
บนชั้น
  ขอยืม
3. วิทยาศาสตร์การแพทย์ และสุขภาพ
วิทยาศาสตร์การแพทย์ และสุขภาพ
สถานะ=หนังสือเก่า
WL400 ข979 ฉ.3 
  Barcode: 23373
ห้องสมุดวิทยาเขตนครสวรรค์
►ส่วนจัดเก็บหนังสือเก่า นว.
บนชั้น
  ขอยืม
4. วิทยาศาสตร์การแพทย์ และสุขภาพ
วิทยาศาสตร์การแพทย์ และสุขภาพ
สถานะ=หนังสือเก่า
WL400 ข979 ฉ.4 
  Barcode: 23374
ห้องสมุดวิทยาเขตนครสวรรค์
►ส่วนจัดเก็บหนังสือเก่า นว.
บนชั้น
  ขอยืม
5. วิทยาศาสตร์การแพทย์ และสุขภาพ
วิทยาศาสตร์การแพทย์ และสุขภาพ
สถานะ=หนังสือเก่า
WL400 ข979 ฉ.5 
  Barcode: 23375
ห้องสมุดวิทยาเขตนครสวรรค์
►ส่วนจัดเก็บหนังสือเก่า นว.
บนชั้น
  ขอยืม

รายการใกล้เคียง
    หัวเรื่อง [กระดูกสันหลัง-ความผิดปกติ]
    หัวเรื่อง [ไขสันหลังบาดเจ็บ]

BibComment


ยังไม่เคยถูกคอมเมนท์

คอมเมนท์ทรัพยากรรายการนี้
  คอมเมนท์: ไขสันหลังบาดเจ็บ..


 Copyright 2026. Bcnsprnw @Library